[Event "FRA-chT2 0910"]
[Site "France"]
[Date "2009.10.18"]
[Round "3.2"]
[White "Piot, Olivier"]
[Black "Mandarin, Vitomir"]
[Result "1-0"]
[WhiteElo "2268"]
[BlackElo "2165"]
[PlyCount "107"]
[EventDate "2009.09.27"]
[EventType "team-tourn"]
[EventRounds "11"]
[EventCountry "FRA"]
[SourceTitle "EXT 2011"]
[Source "ChessBase"]
[SourceDate "2010.11.26"]
[SourceVersion "1"]
[SourceVersionDate "2010.11.26"]
[SourceQuality "1"]

1. d4 d5 2. c4 c6 3. Nf3 Nf6 4. e3 e6 5. Nbd2 Nbd7 6. b3 Bd6 7. Bb2 Qc7 8. Qc2 0-0 9. Bd3 b6 10. Rc1 Bb7 11. 0-0 Rac8 12. Rfe1 c5 13. e4 dxe4 14. Nxe4 Bf4 15. Rcd1 Nxe4 16. Bxe4 Bxe4 17. Qxe4 cxd4 18. Bxd4 Rfd8 19. g3 Bh6 20. Qg4 g6 21. Ng5 Nf8 22. Qh4 Bg7 23. Bxg7 Kxg7 24. Ne4 h6 25. Qf6+ Kg8 26. Qc3 f5 27. Nd2 Rd7 28. Nf3 Rcd8 29. Rxd7 Qxd7 30. Qf6 Re8 31. Qh4 Kg7 32. Qf4 Qf7 33. Rd1 Qf6 34. Qc7+ Re7 35. Qc6 g5 36. Nd4 Ng6 37. Qd6 e5 38. Qxf6+ Kxf6 39. Nc6 Rc7 40. Rd6+ Kg7 41. Kf1 e4 42. Nd4 Rf7 43. Ke2 h5 44. h3 h4 45. Ne6+ Kh6 46. gxh4 Kh5 47. hxg5 f4 48. Rd4 e3 49. fxe3 fxe3 50. Kxe3 Nh4 51. Re4 Nf5+ 52. Kd3 Re7 53. Kc3 a5 54. Rg4 1-0

[Event "FRA-chT1A 0809"]
[Site "France"]
[Date "2008.12.14"]
[Round "5.2"]
[White "Piot, Olivier"]
[Black "Sanchez, Joseph"]
[Result "0-1"]
[WhiteElo "2260"]
[BlackElo "2471"]
[PlyCount "94"]
[EventDate "2008.10.19"]
[EventType "team-tourn"]
[EventRounds "11"]
[EventCountry "FRA"]
[SourceTitle "EXT 2010"]
[Source "ChessBase"]
[SourceDate "2010.11.25"]
[SourceVersion "1"]
[SourceVersionDate "2010.11.25"]
[SourceQuality "1"]
[WhiteTeam "Noisy le Grand"]
[BlackTeam "Cannes II"]
[WhiteTeamCountry "FRA"]
[BlackTeamCountry "FRA"]

1. d4 d5 2. c4 c6 3. Nf3 Nf6 4. e3 Bg4 5. Qb3 Bxf3 6. Qxb7 Bxg2 7. Bxg2 Nbd7 8. Nc3 e6 9. e4 dxe4 10. Qxc6 Be7 11. 0-0 0-0 12. Bf4 Rc8 13. Qb5 Nb6 14. c5 Nbd5 15. Bg5 h6 16. Bxf6 Bxf6 17. Rad1 Rb8 18. Qe2 Nf4 19. Qxe4 Nxg2 20. Kxg2 Rxb2 21. Rd3 Qa5 22. Qg4 Rd8 23. Ne4 Be7 24. Rg3 g6 25. Rd1 Qxa2 26. Qf4 Qd5 27. Kg1 Qf5 28. Qxf5 exf5 29. Nc3 Rb4 30. Rgd3 Rc4 31. Nb5 a5 32. Na7 Ra8 33. Nc6 Bf6 34. Rb1 Kg7 35. Rb5 a4 36. Nb4 a3 37. d5 Rxb4 38. Rxb4 a2 39. Rd1 a1Q 40. Rxa1 Rxa1+ 41. Kg2 Rc1 42. c6 Be5 43. Rb7 Kf6 44. Rd7 Rc3 45. h3 g5 46. Rb7 h5 47. Rd7 g4 0-1

[Event "Cappelle op 24th"]
[Site "Cappelle la Grande"]
[Date "2008.02.16"]
[Round "1"]
[White "Gardin, Eugen"]
[Black "Piot, Olivier"]
[Result "0-1"]
[WhiteElo "2029"]
[BlackElo "2234"]
[PlyCount "44"]
[EventDate "2008.02.16"]
[EventType "swiss"]
[EventRounds "9"]
[EventCountry "FRA"]
[SourceTitle "CBM 122 Extra"]
[Source "ChessBase"]
[SourceDate "2008.03.04"]
[SourceVersion "1"]
[SourceVersionDate "2008.03.04"]
[SourceQuality "1"]

1. Nf3 g6 2. c4 Bg7 3. g3 c5 4. Bg2 Nc6 5. 0-0 Nh6 6. Nc3 Nf5 7. e3 e6 8. Ne1 a6 9. b3 Rb8 10. Bb2 0-0 11. Qe2 d5 12. Na4 Bxb2 13. Nxb2 b6 14. d3 Bb7 15. Nc2 Ba8 16. Na4 Qd6 17. Nc3 Nce7 18. Rfd1 Qe5 19. Qe1 Rfd8 20. Ne2 dxc4 21. bxc4 Bxg2 22. Kxg2 Rxd3 0-1

[Event "FRA-chT2 North 0607"]
[Site "France"]
[Date "2007.03.31"]
[Round "10.7"]
[White "Cathelineau, Didier"]
[Black "Piot, Olivier"]
[Result "1/2-1/2"]
[WhiteElo "2161"]
[BlackElo "2251"]
[PlyCount "102"]
[EventDate "2006.10.15"]
[EventType "team"]
[EventRounds "11"]
[EventCountry "FRA"]
[SourceTitle "EXT 2008"]
[Source "ChessBase"]
[SourceDate "2007.11.25"]
[SourceVersion "1"]
[SourceVersionDate "2007.11.25"]
[SourceQuality "1"]
[WhiteTeam "Cergy Pontoise"]
[BlackTeam "Noisy le Grand"]
[WhiteTeamCountry "FRA"]
[BlackTeamCountry "FRA"]

1. Nf3 c5 2. g3 g6 3. Bg2 Bg7 4. c4 Nc6 5. Nc3 Nh6 6. e4 0-0 7. 0-0 f5 8. d3 d6 9. h3 Nf7 10. Be3 Nd4 11. Bxd4 cxd4 12. Ne2 fxe4 13. dxe4 e5 14. Nc1 Be6 15. b3 Qd7 16. Kh2 b5 17. cxb5 Qxb5 18. Nd3 Rac8 19. Nfe1 d5 20. a4 Qd7 21. b4 dxe4 22. Nc5 Qd6 23. Bxe4 Bd5 24. Bxd5 Qxd5 25. f3 Nd6 26. Ng2 Kh8 27. a5 Nb5 28. Qd3 Nc3 29. Rae1 Rb8 30. Na6 Rb7 31. Rf2 Rbf7 32. Ref1 Qc6 33. Kg1 Rf6 34. Nc5 Rb8 35. Qc4 Rd6 36. Rd2 Qd5 37. Qxd5 Nxd5 38. Nd3 Nxb4 39. Rb2 Nc6 40. Rxb8+ Nxb8 41. Rb1 Nc6 42. Rb7 Bf6 43. a6 Bd8 44. Nge1 Bb6 45. Kf1 Re6 46. Nc2 Kg8 47. Na3 Na5 48. Rd7 Nb3 49. Nc4 Nc5 50. Nxc5 Bxc5 51. Rc7 Bb6 1/2-1/2

[Event "FRA-chT2 North 0607"]
[Site "France"]
[Date "2007.01.20"]
[Round "5.6"]
[White "Bartha, Sandor"]
[Black "Piot, Olivier"]
[Result "1/2-1/2"]
[WhiteElo "2139"]
[BlackElo "2251"]
[PlyCount "127"]
[EventDate "2006.10.15"]
[EventType "team"]
[EventRounds "11"]
[EventCountry "FRA"]
[SourceTitle "EXT 2008"]
[Source "ChessBase"]
[SourceDate "2007.11.25"]
[SourceVersion "1"]
[SourceVersionDate "2007.11.25"]
[SourceQuality "1"]
[WhiteTeam "Bagneux"]
[BlackTeam "Noisy le Grand"]
[WhiteTeamCountry "FRA"]
[BlackTeamCountry "FRA"]

1. d4 Nf6 2. Nf3 g6 3. g3 Bg7 4. Bg2 0-0 5. 0-0 d6 6. b3 c5 7. e3 Nc6 8. Bb2 Ne4 9. Nbd2 d5 10. c3 h6 11. Nxe4 dxe4 12. Nd2 f5 13. Qe2 Be6 14. Qb5 cxd4 15. exd4 Qd7 16. Qe2 Rfe8 17. Rfd1 Rad8 18. Bh3 Qc8 19. Nf1 Bf7 20. Ne3 h5 21. Bf1 Kh7 22. Qe1 a6 23. Bc4 e6 24. a4 Ne7 25. Rac1 Qb8 26. Ba3 Nd5 27. Bf1 h4 28. c4 Nc7 29. Bb2 Qa7 30. c5 Nd5 31. Nc4 hxg3 32. hxg3 Qb8 33. Nd6 Rxd6 34. cxd6 Qxd6 35. Ra1 Qb6 36. Bc4 Rd8 37. a5 Qa7 38. Kg2 Kg8 39. Bxd5 exd5 40. Qc3 Qb8 41. Rac1 Be8 42. Qc7 Bc6 43. Qxb8 Rxb8 44. Ba3 Re8 45. Bc5 Re6 46. Bb6 Re7 47. Re1 Kf7 48. Rh1 Kg8 49. Rce1 Bb5 50. Re3 Re6 51. Rc3 Bc6 52. f4 Kf7 53. Kf2 Re7 54. Ke3 Ke6 55. Ba7 Re8 56. Rh7 Re7 57. Rh2 Re8 58. Rc1 Rc8 59. Rh7 Kf7 60. Rch1 Kg8 61. Bc5 Bb5 62. b4 Rc6 63. R7h2 Kf7 64. Rh7 1/2-1/2

[Event "Syre Memorial op 29th"]
[Site "Issy les Moulineaux"]
[Date "2006.05.28"]
[Round "6"]
[White "Piot, Olivier"]
[Black "Launiau, Severin"]
[Result "1/2-1/2"]
[WhiteElo "2244"]
[BlackElo "2075"]
[PlyCount "64"]
[EventDate "2006.05.25"]
[EventType "swiss"]
[EventRounds "6"]
[EventCountry "FRA"]
[SourceTitle "EXT 2007"]
[Source "ChessBase"]
[SourceDate "2006.11.23"]
[SourceVersion "1"]
[SourceVersionDate "2006.11.23"]
[SourceQuality "1"]

1. d4 Nf6 2. c4 e6 3. Nc3 Bb4 4. e3 b6 5. Nge2 Ba6 6. Ng3 Bxc3+ 7. bxc3 d5 8. Be2 Bxc4 9. Bxc4 dxc4 10. Qa4+ Qd7 11. Qxc4 Qc6 12. Qxc6+ Nxc6 13. Bd2 Na5 14. Rb1 Rc8 15. Ke2 c5 16. Kd3 Kd7 17. f3 cxd4 18. cxd4 Nc4 19. Rhc1 Nxd2 20. Kxd2 Nd5 21. Ne2 Rhe8 22. e4 Ne7 23. Nf4 g6 24. Nd3 Nc6 25. Ke3 Rc7 26. g4 f6 27. h4 Na5 28. Rxc7+ Kxc7 29. Rc1+ Kd7 30. h5 gxh5 31. Rh1 hxg4 32. Rxh7+ Re7 1/2-1/2

[Event "Syre Memorial op 29th"]
[Site "Issy les Moulineaux"]
[Date "2006.05.25"]
[Round "1"]
[White "Ruffenach, Alain"]
[Black "Piot, Olivier"]
[Result "0-1"]
[WhiteElo "2070"]
[BlackElo "2244"]
[PlyCount "64"]
[EventDate "2006.05.25"]
[EventType "swiss"]
[EventRounds "6"]
[EventCountry "FRA"]
[SourceTitle "EXT 2007"]
[Source "ChessBase"]
[SourceDate "2006.11.23"]
[SourceVersion "1"]
[SourceVersionDate "2006.11.23"]
[SourceQuality "1"]

1. d4 Nf6 2. Nf3 g6 3. c4 Bg7 4. Nc3 0-0 5. e4 d6 6. Bd3 e5 7. d5 a5 8. 0-0 Nh5 9. Be3 Nf4 10. Bxf4 exf4 11. Qd2 Qf6 12. Rfe1 Re8 13. h3 Na6 14. Rab1 Nc5 15. Bc2 Bd7 16. Nb5 Bxb5 17. cxb5 g5 18. e5 dxe5 19. b4 axb4 20. Rxb4 b6 21. Be4 h6 22. Qc2 Qd6 23. Rc4 Ra5 24. a4 Rea8 25. Bh7+ Kh8 26. Qf5 Qxd5 27. Rxe5 Qxc4 28. Re7 Rxa4 29. Ne5 Bxe5 30. Rxe5 Kg7 31. Re7 Ne4 32. Bg6 Nd6 0-1

[Event "Syre Memorial op 28th"]
[Site "Issy les Moulineaux"]
[Date "2005.05.05"]
[Round "2"]
[White "Ralle, Pierre"]
[Black "Piot, Olivier"]
[Result "0-1"]
[WhiteElo "2103"]
[BlackElo "2265"]
[PlyCount "114"]
[EventDate "2005.05.05"]
[EventType "swiss"]
[EventRounds "6"]
[EventCountry "FRA"]
[SourceTitle "EXT 2007"]
[Source "ChessBase"]
[SourceDate "2006.11.23"]
[SourceVersion "1"]
[SourceVersionDate "2006.11.23"]
[SourceQuality "1"]

1. e4 e5 2. Nc3 Nc6 3. Bc4 Nf6 4. d3 Na5 5. Bb3 Nxb3 6. axb3 d6 7. f4 c6 8. Nf3 Qc7 9. 0-0 Be7 10. Qe1 Nd7 11. fxe5 dxe5 12. Qg3 g6 13. Bh6 f6 14. Kh1 Bd6 15. Qh4 Rg8 16. d4 Be7 17. dxe5 Nxe5 18. Bf4 Rg7 19. Nxe5 fxe5 20. Bg5 Be6 21. h3 a6 22. Bxe7 Qxe7 23. Qg3 Bd7 24. Qe3 0-0-0 25. Na4 g5 26. Nc5 Kc7 27. Nxa6+ bxa6 28. Qa7+ Kd6 29. Rad1+ Ke6 30. Qxa6 Qc5 31. Qe2 g4 32. hxg4 Ke7 33. Qf3 Ke8 34. Qf6 Qe7 35. g5 Qxf6 36. gxf6 Rf7 37. Rd6 Rb8 38. Rf3 Kd8 39. Rd2 Kc7 40. Rdf2 Bg4 41. Rc3 Rb4 42. Kh2 Rxe4 43. Kg3 Be6 44. Rf1 Rg4+ 45. Kh2 Bd5 46. Rf2 Rf4 47. Re2 e4 48. Rce3 c5 49. c4 Bc6 50. b4 Kb6 51. b5 Bb7 52. b3 R4xf6 53. Rd2 Kc7 54. Kg3 Rd6 55. Ree2 Rxd2 56. Rxd2 e3 57. Re2 Re7 0-1

[Event "FRA-ch Accession"]
[Site "Aix les Bains"]
[Date "2003.08.25"]
[Round "8"]
[White "Piot, Olivier"]
[Black "Abergel, Thal"]
[Result "1/2-1/2"]
[WhiteElo "2230"]
[BlackElo "2412"]
[PlyCount "138"]
[EventDate "2003.08.19"]
[EventType "swiss"]
[EventRounds "11"]
[EventCountry "FRA"]
[SourceTitle "EXT 2004"]
[Source "ChessBase"]
[SourceDate "2003.11.25"]
[SourceVersion "1"]
[SourceVersionDate "2003.11.25"]
[SourceQuality "1"]

1. d4 Nf6 2. c4 c5 3. d5 e6 4. Nc3 exd5 5. cxd5 d6 6. Nf3 a6 7. a4 g6 8. Nd2 Nbd7 9. g3 Bg7 10. Bg2 0-0 11. 0-0 Re8 12. h3 Qc7 13. Nc4 Nb6 14. Na3 Bd7 15. e4 Rab8 16. Be3 Nc8 17. Qd3 Na7 18. Rfc1 b5 19. b4 c4 20. Qf1 Nc8 21. axb5 axb5 22. Bd4 Re7 23. Nc2 Nb6 24. Re1 Na4 25. Nxa4 bxa4 26. Ra3 Bb5 27. Rc3 Nd7 28. Bxg7 Kxg7 29. f4 Ba6 30. Kh2 Qb6 31. Ree3 Ree8 32. Qa1 Kg8 33. Qxa4 Bb5 34. Qa1 Ra8 35. Ra3 Rxa3 36. Qxa3 Qa6 37. Qxa6 Bxa6 38. Ra3 Bb5 39. Ra5 Rb8 40. Bf1 Nf6 41. Nd4 Bd7 42. e5 Ne4 43. Nc6 Rb6 44. Bxc4 dxe5 45. b5 exf4 46. gxf4 Nc5 47. Kg2 Kg7 48. Ra7 Bf5 49. Ne5 Nb7 50. Ra6 Rd6 51. Kg3 Rd8 52. Ra7 Nd6 53. Be2 Rb8 54. Nc6 Re8 55. Nd4 Re3+ 56. Kf2 Rxh3 57. Nxf5+ Nxf5 58. Rd7 Rh2+ 59. Ke1 Nd4 60. Bd3 g5 61. fxg5 Nf3+ 62. Kf1 Nd2+ 63. Ke1 Nf3+ 64. Kf1 Ne5 65. Rc7 Nxd3 66. d6 Rf2+ 67. Kg1 Rf5 68. b6 Rxg5+ 69. Kf1 Rf5+ 1/2-1/2